00771nam a22002177a 450000100040000000500170000402000180002104000290003905000120006808200110008010000180009124500400010925000440014926000330019330000240022650500060025052002390025652100190049552100180051465500210053267820241120113550.0 a9780439791014 aFISKHbengcFISKHdFISKH aTL553.9 a613.69 aDoswell, Paul aThe survival stories cPaul Doswell aFirst Scholastic printing, October 2005 aLondon :bScholastic,c2002. a141 pages :c20 cm. aX aTen true stories of survival against the odds: from shark attacks and blazing airships to exploding spacecraft and sinking submarines, these are real-life stories of people who have stared death in the face and lived to tell the tale. a1080 bLexile aX bRaz-Plus aSurvival Stories